The Hindustan times presents the world of Amjad Ali Khan
Biography of Ustad Amjad Ali Khan, b. 1945, Indian musician and sarod maestro.
Đã lưu trong:
| Tác giả chính: | |
|---|---|
| Định dạng: | Sách |
| Ngôn ngữ: | Undetermined |
| Được phát hành: |
New Delhi
UBS Publishers' Distributors
1996
|
| Những chủ đề: | |
| Các nhãn: |
Thêm thẻ
Không có thẻ, Là người đầu tiên thẻ bản ghi này!
|
| Thư viện lưu trữ: | Trung tâm Học liệu Trường Đại học Cần Thơ |
|---|
| LEADER | 00742nam a2200217Ia 4500 | ||
|---|---|---|---|
| 001 | CTU_217082 | ||
| 008 | 210402s9999 xx 000 0 und d | ||
| 082 | |a 780.92 | ||
| 082 | |b M534 | ||
| 100 | |a Menon, Raghava R. | ||
| 245 | 4 | |a The Hindustan times presents the world of Amjad Ali Khan | |
| 245 | 0 | |c Raghava R. Menon | |
| 260 | |a New Delhi | ||
| 260 | |b UBS Publishers' Distributors | ||
| 260 | |c 1996 | ||
| 520 | |a Biography of Ustad Amjad Ali Khan, b. 1945, Indian musician and sarod maestro. | ||
| 650 | |a Người chơi đàn Sarod,Sarod players | ||
| 650 | |x Tiểu sử,Biography | ||
| 650 | |z Ấn Độ,India | ||
| 904 | |i Qhieu - Trần Bé Ngọc | ||
| 980 | |a Trung tâm Học liệu Trường Đại học Cần Thơ | ||